La distinction des obligations de moyens et des obligations de resultat

Gespeichert in:
Bibliographische Detailangaben
1. Verfasser: Frossard, Joseph (VerfasserIn)
Format: Buch
Sprache:Französisch
Veröffentlicht: París Librairie Générale de Droit et de Jurisprudence 1965
Schriftenreihe:Bibliothèque de Droit Privé, 67
Schlagworte:
Tags: Tag hinzufügen
Keine Tags, Fügen Sie den ersten Tag hinzu!

MARC

LEADER 00000nam a2200000 a 4500
001 UCS1312
003 CL-VaPUC
008 970509e19650000FR |||||||||||||||||fre|d
082 0 4 |a 346.02  |b FRO  |2 21 
100 0 |a Frossard, Joseph  |e author  |9 385660 
245 1 3 |a La distinction des obligations de moyens et des obligations de resultat 
300 |a 319 p 
942 |c BK 
945 |d 19970509 00:00:00  |a paguirre 
260 |a París  |b Librairie Générale de Droit et de Jurisprudence  |c 1965 
650 0 |a Derecho civil  |9 255013 
650 0 |a Obligaciones   |9 255578 
650 0 |a Contratos  |9 255153 
650 7 |a RESPONSABILIDAD CIVIL  |2 CL-VaPUC  |9 385661 
650 7 |a CAPACIDAD LEGAL  |2 CL-VaPUC  |9 257162 
650 0 |a Recurso de casación  |9 258890 
651 0 |a Francia  |9 255157 
583 |a last modification  |c 19970509 00:00:00  |k Rodrigo Vera 
490 0 |a Bibliothèque de Droit Privé, 67 
999 |c 259408  |d 259406 
952 |0 0  |1 0  |4 0  |6 346_020000000000000_FRO_1965  |7 0  |8 A  |9 284126  |a BIBDER  |b BIBDER  |d 2019-11-19  |i 1845012  |l 2  |m 2  |o 346.02 FRO 1965  |p 1845012  |q 2025-12-31  |r 2021-10-16  |s 2021-10-16  |w 2019-11-19  |y BK  |k DER